| 000 | 00863nam a22002057a 4500 | ||
|---|---|---|---|
| 999 |
_c5333 _d5333 |
||
| 003 | AR-CdUCM | ||
| 008 | 190312b ||||| |||| 00| 0 spa d | ||
| 040 |
_aMUNICIPALIDAD PROVINCIAL DEL CUSCO _cBIBLIOTECA MUNICIPAL DEL CUSCO |
||
| 082 |
_a985.542 / _bR93 |
||
| 100 |
_aRuíz Cárdenas, Gamaniel _97975 |
||
| 245 | _aLa intendenicia de Huamanga / | ||
| 260 |
_aLima : _bArtes Gráficas, _c1990. |
||
| 300 |
_a220 páginas ; _c20 cm. |
||
| 505 | _aContenido: La política Europea y Española en el siglo XVIII -- El descubrimiento de América y la conquista del Perú -- La intendencia en España -- Las reformas administrativas en América -- La intendencia en el Perú ... | ||
| 650 |
_aLa intendencia en el Perú _916112 |
||
| 650 |
_aHuamanga - Perú _916113 |
||
| 650 |
_aHuamanga y la revolución del Cusco _916114 |
||
| 942 |
_2ddc _cLIBROS |
||
| 945 | _aachl | ||